<?xml version='1.0' encoding='UTF-8'?>
  <record xmlns="http://www.loc.gov/MARC21/slim">
    <leader>00000cam a2200000 i 4500</leader>
    <controlfield tag="001">ocm36948202</controlfield>
    <controlfield tag="003">OCoLC</controlfield>
    <controlfield tag="005">20251215100022.5</controlfield>
    <controlfield tag="008">970522s1557    gw            000 0 lat d</controlfield>
    <datafield tag="040" ind1=" " ind2=" ">
      <subfield code="a">NDD</subfield>
      <subfield code="b">eng</subfield>
      <subfield code="e">rda</subfield>
      <subfield code="e">dcrmr</subfield>
      <subfield code="c">NDD</subfield>
      <subfield code="d">OCLCQ</subfield>
      <subfield code="d">QGJ</subfield>
      <subfield code="d">OCLCQ</subfield>
      <subfield code="d">OCLCO</subfield>
      <subfield code="d">QGJ</subfield>
    </datafield>
    <datafield tag="035" ind1=" " ind2=" ">
      <subfield code="a">(OCoLC)36948202</subfield>
    </datafield>
    <datafield tag="041" ind1="0" ind2=" ">
      <subfield code="a">lat</subfield>
      <subfield code="a">gre</subfield>
    </datafield>
    <datafield tag="100" ind1="1" ind2=" ">
      <subfield code="a">Bredenbach, Matthias,</subfield>
      <subfield code="d">approximately 1499-1559,</subfield>
      <subfield code="e">author.</subfield>
      <subfield code="4">aut</subfield>
      <subfield code="1">https://id.oclc.org/worldcat/entity/E39PBJjt9dCBTFgCT33xGCRxjC</subfield>
    </datafield>
    <datafield tag="245" ind1="1" ind2="0">
      <subfield code="a">De dissidiis, quae nostra hac tempestate tanto cum terrore iactant ecclesiae nauem, :</subfield>
      <subfield code="b">A quo &amp; quibus rationibus haec sint excitata, &amp;, (quod omnium maximè optandum est, atque à Domino Deo precibus assiduis petendum) qua ratione uideantur posse componi, Ad uniuersos uiros doctos, quarumcunq[ue] illi uel partium sind, uel opinionum, &amp; fratres in Christo charissimos, pacis Dei amatores, /</subfield>
      <subfield code="c">Sententia Mathiae Bredenbachij Kerspensis, apud Embricam scholae moderatoris.</subfield>
    </datafield>
    <datafield tag="246" ind1="3" ind2=" ">
      <subfield code="a">De dissidiis, qvae nostra hac tempestate tanto cvm terrore iactant ecclesiae navem</subfield>
    </datafield>
    <datafield tag="246" ind1="3" ind2="7">
      <subfield code="a">De dissidiis eccle. componen.</subfield>
    </datafield>
    <datafield tag="250" ind1=" " ind2=" ">
      <subfield code="a">Editio secunda iam recens ab authore recognita, cum noua eiusdem Praefatione.</subfield>
    </datafield>
    <datafield tag="264" ind1=" " ind2="1">
      <subfield code="a">Coloniae Agrippinae :</subfield>
      <subfield code="b">Excudebatur Gualthero Fabricio IV. L.,</subfield>
      <subfield code="c">M.D.LVII. [1557]</subfield>
    </datafield>
    <datafield tag="300" ind1=" " ind2=" ">
      <subfield code="a">222 unnumbered leaves ;</subfield>
      <subfield code="c">16 cm (8vo)</subfield>
    </datafield>
    <datafield tag="336" ind1=" " ind2=" ">
      <subfield code="a">text</subfield>
      <subfield code="b">txt</subfield>
      <subfield code="2">rdacontent</subfield>
    </datafield>
    <datafield tag="337" ind1=" " ind2=" ">
      <subfield code="a">unmediated</subfield>
      <subfield code="b">n</subfield>
      <subfield code="2">rdamedia</subfield>
    </datafield>
    <datafield tag="338" ind1=" " ind2=" ">
      <subfield code="a">volume</subfield>
      <subfield code="b">nc</subfield>
      <subfield code="2">rdacarrier</subfield>
    </datafield>
    <datafield tag="340" ind1=" " ind2=" ">
      <subfield code="m">8vo</subfield>
      <subfield code="2">rdabf</subfield>
    </datafield>
    <datafield tag="500" ind1=" " ind2=" ">
      <subfield code="a">Colophon: Coloniae Agrippinae Ex Typographia Gualtheri Fabricij L.C. Calendis Septemb.</subfield>
    </datafield>
    <datafield tag="500" ind1=" " ind2=" ">
      <subfield code="a">Signatures: A-Z⁸ Aa-Ee⁸ (Ee7-8 are blank).</subfield>
    </datafield>
    <datafield tag="500" ind1=" " ind2=" ">
      <subfield code="a">With initials and printed marginalia.</subfield>
    </datafield>
    <datafield tag="510" ind1="4" ind2=" ">
      <subfield code="a">Verzeichnis der im deutschen Sprachbereich erschienenen Drucke des 16. Jahrhunderts (VD 16),</subfield>
      <subfield code="c">B 7364</subfield>
      <subfield code="u">https://gateway-bayern.de/VD16+B+7364</subfield>
    </datafield>
    <datafield tag="510" ind1="4" ind2=" ">
      <subfield code="a">Index Aureliensis,</subfield>
      <subfield code="c">124.133</subfield>
    </datafield>
    <datafield tag="546" ind1=" " ind2=" ">
      <subfield code="a">In Latin, with some passages in Greek.</subfield>
    </datafield>
    <datafield tag="700" ind1="1" ind2=" ">
      <subfield code="a">Fabritius, Walter,</subfield>
      <subfield code="d">-1589,</subfield>
      <subfield code="e">printer.</subfield>
      <subfield code="4">prt</subfield>
      <subfield code="1">https://id.oclc.org/worldcat/entity/E39PBJyt3QJT93kxx9DBDYWFKd</subfield>
    </datafield>
    <datafield tag="700" ind1="0" ind2=" ">
      <subfield code="a">Wilhelm</subfield>
      <subfield code="b">V,</subfield>
      <subfield code="c">Herzog von Kleve-Jülich-Berg,</subfield>
      <subfield code="d">1516-1592,</subfield>
      <subfield code="e">dedicatee.</subfield>
      <subfield code="4">dte</subfield>
      <subfield code="1">https://id.oclc.org/worldcat/entity/E39PBJxRydfYvpHqhbQ3k7JJjC</subfield>
    </datafield>
    <datafield tag="752" ind1=" " ind2=" ">
      <subfield code="a">Germany</subfield>
      <subfield code="d">Cologne,</subfield>
      <subfield code="e">publication place.</subfield>
      <subfield code="4">pup</subfield>
    </datafield>
    <datafield tag="776" ind1="0" ind2="8">
      <subfield code="i">Online version:</subfield>
      <subfield code="a">Bredenbach, Matthias.</subfield>
      <subfield code="t">Dissidiis.</subfield>
      <subfield code="b">Ed. secunda iam recens ab authore recognita, cum noua eiusdem praefatione.</subfield>
      <subfield code="d">Coloniae Agrippinae, excudebatur G. Fabricio, 1557</subfield>
      <subfield code="w">(OCoLC)868010840</subfield>
    </datafield>
  </record>